Prediction theory for finite populations / (Record no. 21796)

MARC details
000 -LEADER
fixed length control field 01043pam a2200289 a 4500
001 - CONTROL NUMBER
control field 2489224
003 - CONTROL NUMBER IDENTIFIER
control field OSt
005 - DATE AND TIME OF LATEST TRANSACTION
control field 20211208110839.0
008 - FIXED-LENGTH DATA ELEMENTS--GENERAL INFORMATION
fixed length control field 911206s1992 nyu b 001 0 eng
010 ## - LIBRARY OF CONGRESS CONTROL NUMBER
LC control number 91045891
020 ## - INTERNATIONAL STANDARD BOOK NUMBER
International Standard Book Number 0387977856 (N.Y. : acidfree paper)
020 ## - INTERNATIONAL STANDARD BOOK NUMBER
International Standard Book Number 3540977856 (Berlin : acidfree paper)
040 ## - CATALOGING SOURCE
Original cataloging agency DLC
Transcribing agency HU
Modifying agency DLC
050 00 - LIBRARY OF CONGRESS CALL NUMBER
Classification number QA279.2
Item number .B65 1992
082 00 - DEWEY DECIMAL CLASSIFICATION NUMBER
Classification number 519.5/4
Edition number 20
100 1# - MAIN ENTRY--PERSONAL NAME
Personal name Bolfarine, Heleno.
9 (RLIN) 22084
245 10 - TITLE STATEMENT
Title Prediction theory for finite populations /
Statement of responsibility, etc. Heleno Bolfarine, Shelemyahu Zacks.
260 ## - PUBLICATION, DISTRIBUTION, ETC.
Place of publication, distribution, etc. New York :
Name of publisher, distributor, etc. Springer-Verlag,
Date of publication, distribution, etc. c1992.
300 ## - PHYSICAL DESCRIPTION
Extent xi, 207 p. ;
Dimensions 25 cm.
440 #0 - SERIES STATEMENT/ADDED ENTRY--TITLE
Title Springer series in statistics
9 (RLIN) 3862
504 ## - BIBLIOGRAPHY, ETC. NOTE
Bibliography, etc. note Includes bibliographical references (p. [196]-202) and indexes.
650 #0 - SUBJECT ADDED ENTRY--TOPICAL TERM
Topical term or geographic name entry element Prediction theory.
700 1# - ADDED ENTRY--PERSONAL NAME
Personal name Zacks, Shelemyahu,
Dates associated with a name 1932-
9 (RLIN) 22085
906 ## - LOCAL DATA ELEMENT F, LDF (RLIN)
a 7
b cbc
c orignew
d 1
e ocip
f 19
g y-gencatlg
942 ## - ADDED ENTRY ELEMENTS (KOHA)
Source of classification or shelving scheme Dewey Decimal Classification
Koha item type Books like text book referance book
Suppress in OPAC No
Holdings
Withdrawn status Lost status Source of classification or shelving scheme Damaged status Not for loan Collection code Home library Current library Shelving location Date acquired Total Checkouts Full call number Barcode Date last seen Copy number Price effective from Koha item type
    Dewey Decimal Classification     Non-fiction Wondo Genet Library Wondo Genet Library General Stacks 12/08/2021   519.5'4 BOL 1992 WGCFNRL00009102 12/08/2021 1 12/08/2021 Books like text book referance book